000 00822nam a2200181Ia 4500
008 100921s9999 xx 000 0 und d
082 _b39962
_a920.02 थ 97
100 _aफाटक यती.
245 _aआजच्या व्यक्ती आणि वल्ली.
260 _bश्रद्धा प्रकाशन, मुंबई.
_c1997
300 _a118
_bजयेश एजन्सी,पुणे.
365 _b70
520 _aचरित्र- संग्रह,व्यिक्तचित्रे.
630 _aआजच्या व्यक्ती आणि वल्ली.
650 _aचरित्र- संग्रह,व्यिक्तचित्रे.
730 _aआजच्या व्यक्ती आणि वल्ली.
942 _cBOOK
999 _c789075
_d789072